Guess the Avenged Sevenfold song by image. - Statistics

General Stats
  • This quiz has been taken 96 times
  • The average score is 5 of 16
Answer Stats
Picture Answer % Correct
The Stage
85%
Gunslinger
72%
Nightmare
69%
Danger Line
57%
Mattel
57%
Betrayed
30%
(D)eath
30%
Almost Easy
25%
Roman Sky
19%
Crimson Day
15%
Lost
15%
Tension
10%
Seize the Day
7%
Sidewinder
5%
Turn The Other Way
5%
Eternal Rest
4%
No matching quizzes found
Score Distribution
Percent of People with Each Score
Percentile by Number Answered
Your Score History
You have not taken this quiz